ARRUPE JESUIT UNIVERSITY

CORONAVIRUS -STOP THE SPREAD - CLEAN,DISINFECT,COVER

Sense and significance. (Record no. 123214)

MARC details
000 -LEADER
fixed length control field 00796cam a2200253 4500
001 - CONTROL NUMBER
control field 772356
005 - DATE AND TIME OF LATEST TRANSACTION
control field 20150915122008.0
008 - FIXED-LENGTH DATA ELEMENTS--GENERAL INFORMATION
fixed length control field 730810s1973 pau b 001 0 eng
010 ## - LIBRARY OF CONGRESS CONTROL NUMBER
LC control number 72090635
020 ## - INTERNATIONAL STANDARD BOOK NUMBER
International Standard Book Number 0391003135
040 ## - CATALOGING SOURCE
Original cataloging agency DLC
Transcribing agency DLC
Modifying agency DLC
050 00 - LIBRARY OF CONGRESS CALL NUMBER
Classification number B829.5
Item number .I3
082 00 - DEWEY DECIMAL CLASSIFICATION NUMBER
Classification number 142/.7
100 1# - MAIN ENTRY--PERSONAL NAME
Personal name Ihde, Don,
Dates associated with a name 1934-
9 (RLIN) 9081
245 10 - TITLE STATEMENT
Title Sense and significance.
260 ## - PUBLICATION, DISTRIBUTION, ETC. (IMPRINT)
Place of publication, distribution, etc Pittsburgh,
Name of publisher, distributor, etc Duquesne University Press; distributed by Humanities Press, New York
Date of publication, distribution, etc [1973]
300 ## - PHYSICAL DESCRIPTION
Extent 183 p.
Dimensions 23 cm.
440 #0 - SERIES STATEMENT/ADDED ENTRY--TITLE
Title Duquesne studies. Philosophical series,
Volume number/sequential designation v. 31
9 (RLIN) 19247
504 ## - BIBLIOGRAPHY, ETC. NOTE
Bibliography, etc Includes bibliographical references.
650 #0 - SUBJECT ADDED ENTRY--TOPICAL TERM
Topical term or geographic name as entry element Phenomenology.
9 (RLIN) 19248
650 #0 - SUBJECT ADDED ENTRY--TOPICAL TERM
Topical term or geographic name as entry element Experience.
9 (RLIN) 14106
906 ## - LOCAL DATA ELEMENT F, LDF (RLIN)
a 7
b cbc
c orignew
d 1
e opcn
f 19
g y-gencatlg
942 ## - ADDED ENTRY ELEMENTS (KOHA)
Source of classification or shelving scheme Library of Congress Classification
Item type Monograph ( Printed materials)
Holdings
Withdrawn status Lost status Source of classification or shelving scheme Damaged status Not for loan Collection code Home library Current library Shelving location Date acquired Total Checkouts Full call number Barcode Date last seen Price effective from Koha item type
    Library of Congress Classification     Main Collection ARRUPE LIBRARY ARRUPE LIBRARY Main Collection 28/08/2015   B829.5 .I3 46500004005 28/08/2015 28/08/2015 Monograph ( Printed materials)

 

Arrupe Library. PO Box MP320 Mt Pleasant, Harare, Zimbabwe
263 242 745411|librarian@aju.ac.zw